| 000 -LEADER |
| fixed length control field |
00764nam a22001937a 4500 |
| 003 - CONTROL NUMBER IDENTIFIER |
| control field |
OSt |
| 005 - DATE AND TIME OF LATEST TRANSACTION |
| control field |
20170601090845.0 |
| 008 - FIXED-LENGTH DATA ELEMENTS--GENERAL INFORMATION |
| fixed length control field |
170601t xxu||||| |||| 00| 0 eng d |
| 040 ## - CATALOGING SOURCE |
| Original cataloging agency |
BSHUA |
| Language of cataloging |
Shqip |
| Transcribing agency |
BSHUA |
| 082 ## - DEWEY DECIMAL CLASSIFICATION NUMBER |
| Item number |
785.11/Vol. |
| 100 ## - MAIN ENTRY--PERSONAL NAME |
| Personal name |
Wolf, Hugo ; |
| 245 ## - TITLE STATEMENT |
| Title |
Italian Serenade G major - Sol majeur - G dur : |
| Remainder of title |
for 2 Violins, Viola and Violoncello / |
| 260 ## - PUBLICATION, DISTRIBUTION, ETC. (IMPRINT) |
| Place of publication, distribution, etc |
London : |
| Name of publisher, distributor, etc |
Ernst Eulenburg Ltd. , |
| 300 ## - PHYSICAL DESCRIPTION |
| Dimensions |
19 cm. . |
| Size of unit |
20 f. : me nota ; |
| 653 ## - INDEX TERM--UNCONTROLLED |
| Uncontrolled term |
Partitura. |
| -- |
Muzika boterore - Muzika austriake. |
| -- |
Muzike dhome - Muzika instrumentale - Kuartete - Serenada. |
| -- |
Serenada italiane nga kuarteti ne G maxhor per harqe, per 2 violina, viole dhe violoncel. |
| -- |
Kompozitoret austriake - Hugo Volf |
| 856 ## - ELECTRONIC LOCATION AND ACCESS |
| Link text |
Fulltext |
| 942 ## - ADDED ENTRY ELEMENTS (KOHA) |
| Source of classification or shelving scheme |
|
| Koha item type |
Music Scores |
| 953 ## - Fulltext |
| Is Fulltext Available |
Unavailable |